Marianela

Guardado en:
Detalles Bibliográficos
Autor principal: Pérez Galdós, Benito (Autor)
Formato: Libro
Lenguaje:español
Publicado: Santiago Andrés Bello 1996
Edición:10a. ed
Colección:Colección biblioteca Andrés Bello, 25
Materias:
Etiquetas: Agregar Etiqueta
Sin Etiquetas, Sea el primero en etiquetar este registro!

MARC

LEADER 00000nam a2200000 a 4500
001 UCH8331
003 CL-VaPUC
008 091127e19960000CL |||||||||||||||||spa|d
020 |a 9561304375 
082 0 4 |a 863  |b PER  |2 21 
100 0 |a Pérez Galdós, Benito  |e author  |9 318144 
245 1 0 |a Marianela 
250 |a 10a. ed 
300 |a 176 p 
942 |c BK 
945 |d 20091127 00:00:00  |a lazolas 
260 |a Santiago  |b Andrés Bello  |c 1996 
650 0 |a Novelas españolas  |9 265052 
583 |a last modification  |c 20091127 00:00:00  |k Rodrigo Vera 
490 0 |a Colección biblioteca Andrés Bello, 25 
999 |c 338554  |d 338552